Studia turistica online časopis pro vzdělávání v cestovním ruchu

Na minha lista:
Detalhes bibliográficos
Formato: Periódico
Idioma:inglês
Publicado em: Jihlava Vysoká škola polytechnická 2021
Tags: Adicionar Tag
Sem tags, seja o primeiro a adicionar uma tag!

MARC

LEADER 00000nas2a2200000 4500
001 0277651
005 20210803085426.4
022 |a 1804-252X 
041 0 |a eng 
044 |a CZ 
245 1 0 |a Studia turistica  |b online časopis pro vzdělávání v cestovním ruchu 
264 1 |a Jihlava  |b Vysoká škola polytechnická  |c 2021 
773 0 |w eu_un_cat*0162078